00345nam a2200133Ia 4500008004100000041000800041082001500049100002100064245004500085260003400130300003200164365000900196440000600205240624s9999 xx 000 0 und d aeng a330.03 OCO aO CONNOR DAVID E aENCYCLOPEDIA OF THE GLOBAL ECONOMY A GUI c2006aLondonbGreenwood Press axliv, : 440 : p. : cm. ; 26 cb28 v2